GRASS FOR DAIRY CATTLE (Record no. 18466)

MARC details
000 -LEADER
fixed length control field 00406nam a22001697a 4500
003 - CONTROL NUMBER IDENTIFIER
control field OSt
005 - DATE AND TIME OF LATEST TRANSACTION
control field 20211116114308.0
008 - FIXED-LENGTH DATA ELEMENTS--GENERAL INFORMATION
fixed length control field 211116b |||||||| |||| 00| 0 eng d
020 ## - INTERNATIONAL STANDARD BOOK NUMBER
International Standard Book Number 0851992889
040 ## - CATALOGING SOURCE
Transcribing agency HAWASSA UNIVERSITY
050 ## - LIBRARY OF CONGRESS CALL NUMBER
Classification number 636.2086/GRA
Item number 7
082 ## - DEWEY DECIMAL CLASSIFICATION NUMBER
Classification number 636.2086/GRA
Item number 7
245 ## - TITLE STATEMENT
Title GRASS FOR DAIRY CATTLE
260 ## - PUBLICATION, DISTRIBUTION, ETC.
Place of publication, distribution, etc. NEW YORK
Name of publisher, distributor, etc. USA
Date of publication, distribution, etc. 1998
300 ## - PHYSICAL DESCRIPTION
Extent X403
942 ## - ADDED ENTRY ELEMENTS (KOHA)
Source of classification or shelving scheme Dewey Decimal Classification
Koha item type Books like text book referance book
Suppress in OPAC No
Holdings
Withdrawn status Lost status Source of classification or shelving scheme Damaged status Not for loan Home library Current library Date acquired Total Checkouts Full call number Barcode Date last seen Copy number Price effective from Koha item type
    Dewey Decimal Classification     College of Agriculture Library College of Agriculture Library 11/16/2021   636.2086/GRA ALIB0008913 11/16/2021 1 11/16/2021 Books like text book referance book
    Dewey Decimal Classification     College of Agriculture Library College of Agriculture Library 11/16/2021   636.2086/GRA ALIB0008914 11/16/2021 2 11/16/2021 Books like text book referance book
    Dewey Decimal Classification     College of Agriculture Library College of Agriculture Library 11/16/2021   636.2086/GRA ALIB0008915 11/16/2021 3 11/16/2021 Books like text book referance book
    Dewey Decimal Classification     College of Agriculture Library College of Agriculture Library 11/16/2021   636.2086/GRA ALIB0008916 11/16/2021 4 11/16/2021 Books like text book referance book
    Dewey Decimal Classification     College of Agriculture Library College of Agriculture Library 11/16/2021   636.2086/GRA ALIB0008917 11/16/2021 5 11/16/2021 Books like text book referance book
    Dewey Decimal Classification     College of Agriculture Library College of Agriculture Library 11/16/2021   636.2086/GRA ALIB0008919 11/16/2021 7 11/16/2021 Books like text book referance book
    Dewey Decimal Classification     College of Agriculture Library College of Agriculture Library 11/16/2021   636.2086/GRA ALIB0008920 11/16/2021 11 11/16/2021 Books like text book referance book
    Dewey Decimal Classification     College of Agriculture Library College of Agriculture Library 11/19/2021   636.2086/GRA ALIB0008918 11/19/2021 6 11/19/2021 Books like text book referance book